Southville International School and Colleges
Your cart is empty.
  • Cart
  • Lists
    Public lists Eva Luna New books Lux_list list_1
    Your lists Log in to create your own lists
  • Log in to your account
  • Your cookies
  • Search history
Southville International School and Colleges
  • Advanced search
  • Recent comments
  • Most popular
  • Libraries

Log in to your account

Log in with GOOGLE


If you do not have an external account, but do have a local account, you can still log in:

  1. Home
  2. MARC view: Current directions in introductory psychology /
Normal view MARC view ISBD view

Current directions in introductory psychology / (Record no. 23693)

[ view plain ]
MARC details
000 -LEADER
fixed length control field 00678nam a2200217 a 4500
003 - CONTROL NUMBER IDENTIFIER
control field PILC
005 - DATE AND TIME OF LATEST TRANSACTION
control field 20160130101854.0
008 - FIXED-LENGTH DATA ELEMENTS--GENERAL INFORMATION
fixed length control field 091127s19uu xx 00 eng d
020 ## - INTERNATIONAL STANDARD BOOK NUMBER
International Standard Book Number 9780137143504
050 ## - LIBRARY OF CONGRESS CALL NUMBER
Classification number BF 121
Item number .C795 2009
245 ## - TITLE STATEMENT
Title Current directions in introductory psychology /
Statement of responsibility, etc edited by Abigail A. Baird, Michael M. Tagade, Heather B. Veague.
250 ## - EDITION STATEMENT
Edition statement 2nd edition.
260 ## - PUBLICATION, DISTRIBUTION, ETC. (IMPRINT)
Place of publication, distribution, etc New Jersey :
Name of publisher, distributor, etc Pearson,
Date of publication, distribution, etc 2009.
300 ## - PHYSICAL DESCRIPTION
Extent 244 pages :
Other physical details illustrations ;
Dimensions 23 cm.
500 ## - GENERAL NOTE
General note Includes bibliographical references.
650 ## - SUBJECT ADDED ENTRY--TOPICAL TERM
Topical term or geographic name as entry element Psychology.
700 ## - ADDED ENTRY--PERSONAL NAME
Personal name Tugade, Michele
700 ## - ADDED ENTRY--PERSONAL NAME
Personal name Veague, Heather B.
942 ## - ADDED ENTRY ELEMENTS (KOHA)
Koha item type Books
Source of classification or shelving scheme Library of Congress Classification
Call number prefix Foreign
Holdings
Withdrawn status Lost status Source of classification or shelving scheme Damaged status Home library Current library Shelving location Date acquired Source of acquisition Cost, normal purchase price Total Checkouts Total Renewals Full call number Barcode Date last seen Date checked out Copy number Price effective from Koha item type
    Library of Congress Classification   College Library College Library General Circulation Section 11/27/2009 Library Fund 3400.00 2 7 BF 121 .C795 2009 C10770 08/31/2019 07/23/2019 1 10/18/2013 Books

Current directions in introductory psychology /

APA

Tugade M., Veague H. B., . (2009). Current directions in introductory psychology. New Jersey: Pearson.

Chicago

Tugade Michele, Veague Heather B, . 2009. Current directions in introductory psychology. New Jersey: Pearson.

Harvard

Tugade M., Veague H. B., . (2009). Current directions in introductory psychology. New Jersey: Pearson.

MLA

Tugade Michele, Veague Heather B, . Current directions in introductory psychology. New Jersey: Pearson. 2009.

  • Place hold
  • Print
  • Cite
  • Add to your cart (remove)
  • Save record
    BIBTEX Dublin Core MARCXML MARC (non-Unicode/MARC-8) MARC (Unicode/UTF-8) MARC (Unicode/UTF-8, Standard) MODS (XML) RIS
  • More searches
    Search for this title in:
    Other Libraries (WorldCat) Other Databases (Google Scholar) Online Stores (Bookfinder.com) Open Library (openlibrary.org)

Exporting to Dublin Core...

SOUTHVILLE LIBRARY

Southville International School and Colleges Library

1281 Tropical Ave. Cor. Luxembourg St., BF Homes International, Las Pinas City

Tel. No. 8256374 / 252358 Loc. 117/146

Powered by Koha